Detalles MARC
| 000 -LIDER |
| fixed length control field |
01612nam a2200445 a 4500 |
| 001 - NÚMERO DE CONTROL |
| Identificador de número de control |
000003177 |
| 003 - IDENTIFICACDOR DE NÚMERO DE CONTROL |
| control field |
DO-SdBNP |
| 005 - DATE AND TIME OF LATEST TRANSACTION |
| control field |
20170925131613.0 |
| 007 - CAMPOS FIJOS DE DESCRIPCIÓN FÍSICA |
| fixed length control field |
000003177 |
| 008 - ELEMENTOS DE LONGITUD FIJA |
| fixed length control field |
090707s2007 dr a 000 0 spa d |
| 020 ## - ISBN |
| International Standard Book Number |
9789993425694 |
| 040 ## - FUENTE DE CATALOGACIÓN |
| Agencia que crea de manera original el registro |
BPMSU |
| Idioma de catalogación |
spa |
| Agencia que realiza la transcripción |
BPMSU |
| 082 ## - NÚMERO DE CLASIFICACIÓN DECIMAL DE DEWEY |
| Classification number |
808.53 |
| Item number |
M433e |
| 100 1# - ASIENTO PRINCIPAL -- NOMBRE PERSONAL |
| Nombre personal |
Matos Mosquete, Manuel, |
| Numeración |
1944- |
| 245 10 - MENCIÓN DE TITULO |
| Título |
Estrategias de captación de la voluntad popular en las elecciones de 2004. |
| Mención de responsabilidad |
Manuel Mato Moquete |
| 260 ## - PUBLICACIÓN, DISTRIBUCIÓN, ETC. (PIE DE IMPRENTA) |
| Lugar de publicación, distribución, etc |
Santo Domingo : |
| Nombre del editor, distribuidor, etc. |
CONARE: |
| -- |
INTEC, |
| Fecha de publicación, distribución, etc |
2007. |
| 300 ## - DESCRIPCIÓN FÍSICA |
| Extensión |
304 p. : |
| Otros detalles físicos |
il. ; |
| Dimensiones |
23 cm. |
| 500 ## - NOTA GENERAL |
| Nota general |
Bibliografía: p. 297-304. |
| 504 ## - NOTA DE BIBLIOGRAFÍA, ETC. |
| Bibliography, etc |
Incluye referencias bibliográficas y notas al pie de las páginas. |
| 600 14 - ENCABEZAMIENTO DE MATERIA--NOMBRE PERSONAL |
| Nombre personal |
FERNÁNDEZ REYNA, LEONEL, |
| Fechas asociadas con el nombre |
1953- |
| 600 14 - ENCABEZAMIENTO DE MATERIA--NOMBRE PERSONAL |
| Nombre personal |
ESTRELLA, EDUARDO, |
| Fechas asociadas con el nombre |
1953- |
| 600 14 - ENCABEZAMIENTO DE MATERIA--NOMBRE PERSONAL |
| Nombre personal |
MEJÍA, HIPÓLITO, |
| Fechas asociadas con el nombre |
1941- |
| 600 14 - ENCABEZAMIENTO DE MATERIA--NOMBRE PERSONAL |
| Nombre personal |
BOSCH, JUAN, |
| Fechas asociadas con el nombre |
1909-2001 |
| 650 #4 - ENCABEZAMIENTO DE MATERIA--TEMÁTICO |
| Término temático o nombre geográfico como elemento de entrada |
ORATORÍA POLÍTICA |
| 650 #4 - ENCABEZAMIENTO DE MATERIA--TEMÁTICO |
| Término temático o nombre geográfico como elemento de entrada |
ANÁLISIS DEL DISCURSO |
| 650 #4 - ENCABEZAMIENTO DE MATERIA--TEMÁTICO |
| Término temático o nombre geográfico como elemento de entrada |
ANÁLISIS LINGUÍSTICO |
| 650 #4 - ENCABEZAMIENTO DE MATERIA--TEMÁTICO |
| Término temático o nombre geográfico como elemento de entrada |
CAMPAÑA ELECTORAL |
| Subdivisión geográfica |
REPÚBLICA DOMINICANA |
| 650 #4 - ENCABEZAMIENTO DE MATERIA--TEMÁTICO |
| Término temático o nombre geográfico como elemento de entrada |
DISCURSOS POLÍTICOS |
| 710 1# - ASIENTO SECUNDARIO -- NOMBRE CORPORATIVO |
| Nombre corporativo o de jurisdicción |
Consejo Nacional de Reforma del Estado |
| 710 1# - ASIENTO SECUNDARIO -- NOMBRE CORPORATIVO |
| Nombre corporativo o de jurisdicción |
Instituto Tecnológico de Santo Domingo |
| 910 ## - VALIDACIÓN |
| Validación |
Validado. Control de calidad BNPHU |
| 930 #1 - EQUIVALENCE OR CROSS-REFERENCE-UNIFORM TITLE HEADING [LOCAL, CANADA] |
| Language of a work |
BND01 |
| Medium of performance for music |
LF1 |
| Medium |
808.53 |
| Field link and sequence number |
20090707 |
| Date of a work |
04 |
| Name of part/section of a work |
CT |
| Miscellaneous information |
596 |
| 930 #1 - EQUIVALENCE OR CROSS-REFERENCE-UNIFORM TITLE HEADING [LOCAL, CANADA] |
| Language of a work |
BND01 |
| Medium of performance for music |
LF1 |
| Medium |
808.53 |
| Field link and sequence number |
20090716 |
| Date of a work |
04 |
| Name of part/section of a work |
CT |
| Miscellaneous information |
596 |
| Medium |
e. 2 |
| 942 ## - ADDED ENTRY ELEMENTS (KOHA) |
| Source of classification or shelving scheme |
Dewey Decimal Classification |
| Koha item type |
Libros |
| 945 ## - INFORMACIÓN DE PROCESAMIENTO LOCAL |
| Información de procesamiento local |
Inventariado, 2017/MFF |
| 956 ## - LOCAL ELECTRONIC LOCATION AND ACCESS (OCLC) |
| Nombre de host |
AVARGAS |
| Número de acceso |
10 |
| Información de compresión |
20090707 |
| Inicio de sesión |
BND01 |
| Procesador de solicitud |
0827 |
| 956 ## - LOCAL ELECTRONIC LOCATION AND ACCESS (OCLC) |
| Nombre de host |
BTAVAREZ |
| Número de acceso |
10 |
| Información de compresión |
20100223 |
| Inicio de sesión |
BND01 |
| Procesador de solicitud |
1400 |
| 956 ## - LOCAL ELECTRONIC LOCATION AND ACCESS (OCLC) |
| Nombre de host |
MMOLINA |
| Número de acceso |
40 |
| Información de compresión |
20140520 |
| Inicio de sesión |
BND01 |
| Procesador de solicitud |
1146 |
| 956 ## - LOCAL ELECTRONIC LOCATION AND ACCESS (OCLC) |
| Nombre de host |
VMATEO |
| Número de acceso |
10 |
| Información de compresión |
20150805 |
| Inicio de sesión |
BPMSU |
| Procesador de solicitud |
00151 |